| 000 | 00537nam a22002057a 4500 | ||
|---|---|---|---|
| 003 | OSt | ||
| 005 | 20251008101418.0 | ||
| 008 | 251008b |||||||| |||| 00| 0 eng d | ||
| 020 | _a0443100306 | ||
| 040 | _cMUST | ||
| 082 | _aWW 100 K 134 o 2005 | ||
| 100 |
_aKanski Jack J _9337 |
||
| 245 |
_aOpthalmology in focus/ _cJack J Kanski, Brad Bowling |
||
| 260 |
_aLondan _bElsevier _cc2005 |
||
| 300 |
_a175p. _c19cm. |
||
| 504 | _aIndexes included | ||
| 650 | _2Optholmology | ||
| 700 |
_aBowling , Brad _919416 |
||
| 942 |
_2z _cO_SHELF |
||
| 999 |
_c9540 _d9540 |
||